Leisure and recreation: the Peterborough experience (Record no. 91885)

MARC details
000 -LEADER
fixed length control field 00814cam a2200265 4500
008 - FIXED-LENGTH DATA ELEMENTS--GENERAL INFORMATION
fixed length control field 090401t1988 xxu||||| |||| 00| 0 eng d
020 ## - INTERNATIONAL STANDARD BOOK NUMBER
International Standard Book Number 0854063749
035 ## - SYSTEM CONTROL NUMBER
System control number (Sirsi) u46201
041 ## - LANGUAGE CODE
Language code of text/sound track or separate title eng
050 ## - LIBRARY OF CONGRESS CALL NUMBER
Classification number 711.558
090 ## - LOCALLY ASSIGNED LC-TYPE CALL NUMBER (OCLC); LOCAL CALL NUMBER (RLIN)
Classification number (OCLC) (R) ; Classification number, CALL (RLIN) (NR) RICS 1988/22 ABCD
100 ## - MAIN ENTRY--PERSONAL NAME
Personal name Symonds, Barry
245 ## - TITLE STATEMENT
Title Leisure and recreation: the Peterborough experience
260 ## - PUBLICATION, DISTRIBUTION, ETC.
Place of publication, distribution, etc. London
Name of publisher, distributor, etc. Surveyors Publications
Date of publication, distribution, etc. 1988
300 ## - PHYSICAL DESCRIPTION
Extent 91p. ; 17 x 24cm.
350 ## - PRICE (NR) (BK AM CF MU VM SE) [OBSOLETE]
Price 9.95
490 ## - SERIES STATEMENT
Series statement Planning (for the Natural and Built Environment)
Volume/sequential designation 6 and Development Case Study
520 ## - SUMMARY, ETC.
Summary, etc. Published for Royal Institution of Chartered Surveyors , Planning and Development Division
650 ## - SUBJECT ADDED ENTRY--TOPICAL TERM
Topical term or geographic name entry element LEISURE
650 ## - SUBJECT ADDED ENTRY--TOPICAL TERM
Topical term or geographic name entry element RECREATION
650 ## - SUBJECT ADDED ENTRY--TOPICAL TERM
Topical term or geographic name entry element SPORTS CENTRES
650 ## - SUBJECT ADDED ENTRY--TOPICAL TERM
Topical term or geographic name entry element SPORTS FACILITIES
942 ## - ADDED ENTRY ELEMENTS (KOHA)
Suppress in OPAC 0
948 ## - LOCAL PROCESSING INFORMATION (OCLC); SERIES PART DESIGNATOR (RLIN)
c (OCLC) 04/03/1997
Holdings
Withdrawn status Lost status Source of classification or shelving scheme Damaged status Not for loan Home library Current library Shelving location Date acquired Cost, normal purchase price Total Checkouts Full call number Barcode Date last seen Copy number Cost, replacement price Price effective from Koha item type
    Dewey Decimal Classification     London London RICS Boxes 14/09/1999 9.95   RICS 1988/22 30020969 06/08/2019 1 9.95 06/08/2019 Book
    Dewey Decimal Classification     London London RICS Boxes 14/09/1999 9.95   RICS 1988/22 30020973 06/08/2019 2 9.95 06/08/2019 Reference material
    Dewey Decimal Classification     London London RICS Boxes 14/09/1999 9.95   RICS 1988/22 30020977 06/08/2019 3 9.95 06/08/2019 Book
    Dewey Decimal Classification     London London RICS Boxes 14/09/1999 9.95   RICS 1988/22 30025110 06/08/2019 4 9.95 06/08/2019 Archive